[Event "London Menchik Memorial 8th"]
[Site "London"]
[Date "2024.03.26"]
[Round "9"]
[White "Garcia Martin, Marta"]
[Black "Arakhamia Grant, Ketevan"]
[Result "0-1"]
[WhiteElo "2356"]
[BlackElo "2290"]
[PlyCount "168"]
[EventDate "2024.03.22"]
[EventType "tourn"]
[EventRounds "9"]
[EventCountry "ENG"]
[SourceTitle "CB13_2024"]
[SourceDate "2024.03.27"]
[SourceVersion "1"]
[SourceVersionDate "2024.03.27"]
[SourceQuality "1"]

1. e4 c5 2. Nf3 e6 3. b3 d6 4. d4 cxd4 5. Nxd4 Nf6 6. Nc3 a6 7. Bb2 b5 8. Bd3 Bb7 9. 0-0 Nbd7 10. Qe2 Be7 11. a4 b4 12. Na2 Qb6 13. c3 bxc3 14. Bxc3 d5 15. a5 Qa7 16. e5 Ne4 17. Bxe4 dxe4 18. Rad1 Rd8 19. Nb4 Qc5 20. Rc1 0-0 21. Nxa6 Qa7 22. Nc7 Nc5 23. Ndb5 Ba6 24. Nxa6 Qxa6 25. Bb4 Nxb3 26. Bxe7 Nxc1 27. Rxc1 Rc8 28. Re1 Rfe8 29. Bh4 Rc5 30. Nd4 Qxe2 31. Nxe2 Rxe5 32. Ra1 Ra8 33. a6 Rb5 34. Nc3 Rb6 35. Nxe4 Raxa6 36. Rd1 h6 37. f3 Rb2 38. Bg3 Raa2 39. Nf2 g5 40. Rf1 f5 41. f4 Kf7 42. h4 g4 43. h5 Rd2 44. Rb1 e5 45. Rb7+ Ke8 46. Rb8+ Kd7 47. fxe5 f4 48. e6+ Kxe6 49. Rb6+ Kd5 50. Rd6+ Kxd6 51. Bxf4+ Ke6 52. Bxd2 g3 53. Be1 gxf2+ 54. Bxf2 Kf5 55. Be3 Ra6 56. g3 Kg4 57. Bf4 Kxh5 58. Kf2 Kg4 59. Ke3 h5 60. Bc7 Rc6 61. Bb8 Rb6 62. Bc7 Rb2 63. Bd6 Rg2 64. Bc7 Rxg3+ 65. Kf2 Rb3 66. Bd6 Kh3 67. Kg1 Rb1+ 68. Kf2 Rb6 69. Be5 Re6 70. Bc7 Rg6 71. Kf1 Rg4 72. Kf2 Kh4 73. Bd8+ Kh3 74. Bc7 Rc4 75. Be5 Rc1 76. Bd6 Kg4 77. Kg2 Rc2+ 78. Kg1 Kh3 79. Be5 Rg2+ 80. Kf1 Rg5 81. Bc7 Rg7 82. Bd6 Rg6 83. Be5 Kg4 84. Bc7 Kf3 0-1

[Event "London Menchik Memorial 8th"]
[Site "London"]
[Date "2024.03.22"]
[Round "1"]
[White "Sivanandan, Bodhana"]
[Black "Arakhamia Grant, Ketevan"]
[Result "1/2-1/2"]
[WhiteElo "2088"]
[BlackElo "2290"]
[PlyCount "104"]
[EventDate "2024.03.22"]
[EventType "tourn"]
[EventRounds "9"]
[EventCountry "ENG"]
[SourceTitle "CB13_2024"]
[SourceDate "2024.03.27"]
[SourceVersion "1"]
[SourceVersionDate "2024.03.27"]
[SourceQuality "1"]

1. e4 c5 2. Nf3 e6 3. g3 Nc6 4. Bg2 Nf6 5. Nc3 Be7 6. 0-0 d6 7. Re1 0-0 8. d4 cxd4 9. Nxd4 Qc7 10. Be3 a6 11. h3 Bd7 12. Qd2 Rac8 13. Nxc6 Bxc6 14. Rad1 b5 15. a3 a5 16. Bg5 Rfd8 17. Qe3 Re8 18. Qd3 b4 19. axb4 axb4 20. Ne2 Red8 21. Nd4 Ba8 22. Rd2 h6 23. Nb5 Qa5 24. Bxf6 Bxf6 25. Nd4 Qc5 26. Red1 d5 27. Nb3 Qb6 28. Qe2 dxe4 29. Rxd8+ Rxd8 30. Rxd8+ Qxd8 31. Bxe4 Bxb2 32. Bxa8 Qxa8 33. Qc4 Bc3 34. Qd3 g6 35. Nc5 Qd5 36. Qxd5 exd5 37. Kf1 Kf8 38. Ke2 Ke7 39. Kd3 Be1 40. Ke2 Bc3 41. Kd3 Kd6 42. Nb7+ Kc7 43. Nc5 Kc6 44. Nb3 h5 45. f3 Kd6 46. Nc1 f5 47. Ne2 Be5 48. g4 fxg4 49. fxg4 Ke6 50. Nd4+ Kf6 51. Nf3 Bc3 52. Ke3 hxg4 1/2-1/2

[Event "London EBRD Charity for UKR m"]
[Site "London"]
[Date "2023.11.15"]
[Round "3"]
[White "Arakhamia Grant, Ketevan"]
[Black "Senlle Caride, Miguel"]
[Result "0-1"]
[WhiteElo "2297"]
[BlackElo "2345"]
[PlyCount "103"]
[EventDate "2023.11.15"]
[EventType "match (rapid)"]
[EventRounds "4"]
[EventCountry "ENG"]
[SourceTitle "CB47_2023"]
[SourceDate "2023.11.22"]
[SourceVersion "1"]
[SourceVersionDate "2023.11.22"]
[SourceQuality "1"]

1. e4 c5 2. Nf3 e6 3. d4 cxd4 4. Nxd4 Nc6 5. Nc3 Qc7 6. Be3 Nf6 7. Qd2 a6 8. f3 Bb4 9. a3 Be7 10. Be2 b5 11. Nxc6 dxc6 12. 0-0 e5 13. Qe1 0-0 14. Qf2 Be6 15. Rad1 Nd7 16. Rd2 Rab8 17. Rfd1 Nb6 18. f4 f6 19. f5 Bf7 20. Kh1 Rfd8 21. Rxd8+ Bxd8 22. Bc5 Be7 23. b3 h6 24. Bf3 Nc8 25. h3 a5 26. Ne2 Nd6 27. Nc1 a4 28. Bb4 axb3 29. cxb3 Rd8 30. Qc2 Nc8 31. Rxd8+ Bxd8 32. Nd3 Be7 33. Nc5 Qd8 34. Qc3 Qf8 35. Kh2 Qd8 36. Nb7 Bxb4 37. Qxb4 Qc7 38. Nc5 Qd6 39. Qc3 Nb6 40. a4 bxa4 41. bxa4 Nc4 42. Nb3 Qa3 43. Bd1 Nb2 44. Bc2 Nxa4 45. Qd3 Qe7 46. Qa6 Nc5 47. Qa3 Bxb3 48. Bxb3+ Kh7 49. Bc4 Qf8 50. h4 Nd7 51. Qa7 Qc5 52. Qxd7 0-1

[Event "FIDE Grand Swiss (Women)"]
[Site "Douglas"]
[Date "2023.11.05"]
[Round "11"]
[White "Arakhamia Grant, Ketevan"]
[Black "Matnadze, Ana"]
[Result "1/2-1/2"]
[WhiteElo "2297"]
[BlackElo "2400"]
[PlyCount "123"]
[EventDate "2023.10.25"]
[EventType "swiss"]
[EventRounds "11"]
[EventCountry "IOM"]
[SourceTitle "Mega2024 Update 01"]
[Source "Chessbase"]
[SourceDate "2023.11.12"]
[SourceVersion "1"]
[SourceVersionDate "2023.11.12"]
[SourceQuality "1"]

1. e4 c6 2. d4 d5 3. Nd2 dxe4 4. Nxe4 Nf6 5. Nxf6+ exf6 6. c3 Bd6 7. Bd3 0-0 8. Qc2 g6 9. Ne2 f5 10. h4 h5 11. Bg5 Be7 12. Qd2 Re8 13. 0-0-0 Be6 14. Kb1 Qa5 15. c4 Qxd2 16. Rxd2 Na6 17. a3 Rad8 18. Bxe7 Rxe7 19. Kc2 Nc7 20. Kc3 Bc8 21. Bc2 b5 22. b3 a5 23. Nf4 Red7 24. Rhd1 Bb7 25. g3 Kf8 26. Re1 b4+ 27. axb4 axb4+ 28. Kxb4 c5+ 29. Kc3 cxd4+ 30. Kb2 Na6 31. Re5 Bc6 32. Nd3 Be4 33. Ra5 Rd6 34. Ne5 Re6 35. f3 Bb7 36. Rb5 Ba8 37. f4 Be4 38. b4 Nc7 39. Ra5 Rb6 40. b5 Ne6 41. Ra7 Rb7 42. Rxb7 Bxb7 43. Kb3 Nc5+ 44. Kb4 Ne4 45. Rd3 Nf2 46. Ra3 Be4 47. Nd3 Ng4 48. b6 Ne3 49. Ba4 Ke7 50. Kc5 Rc8+ 51. Kxd4 Nxc4 52. Rc3 Nxb6 53. Rxc8 Nxc8 54. Ne5 Nd6 55. Bb3 Bb7 56. Ke3 f6 57. Nxg6+ Ke8 58. Nh8 Kf8 59. Ng6+ Ke8 60. Nh8 Kf8 61. Ng6+ Ke8 62. Nh8 1/2-1/2

[Event "FIDE Grand Swiss (Women)"]
[Site "Douglas"]
[Date "2023.11.04"]
[Round "10"]
[White "Gomez Barrera, Javiera Belen"]
[Black "Arakhamia Grant, Ketevan"]
[Result "0-1"]
[WhiteElo "2266"]
[BlackElo "2297"]
[PlyCount "142"]
[EventDate "2023.10.25"]
[EventType "swiss"]
[EventRounds "11"]
[EventCountry "IOM"]
[SourceTitle "Mega2024 Update 01"]
[Source "Chessbase"]
[SourceDate "2023.11.12"]
[SourceVersion "1"]
[SourceVersionDate "2023.11.12"]
[SourceQuality "1"]

1. e4 c5 2. Nf3 Nc6 3. d4 cxd4 4. Nxd4 e5 5. Nb5 d6 6. c4 Be6 7. N5c3 Be7 8. Na3 Nf6 9. Nc2 0-0 10. Be2 Rc8 11. 0-0 Nb8 12. Ne3 Nbd7 13. Bd3 a6 14. Qe2 Nc5 15. Bc2 g6 16. Rd1 Bd7 17. Ned5 Nxd5 18. Nxd5 Bg5 19. Be3 Bxe3 20. fxe3 Kh8 21. Nc3 Qb6 22. b3 Be6 23. Qd2 Rcd8 24. Kh1 a5 25. Rab1 Qc6 26. Rf1 b6 27. Rf2 Qb7 28. Rbf1 Qe7 29. a3 Qg5 30. Qe2 Rc8 31. Nb5 Qe7 32. Rd1 Rfd8 33. a4 h5 34. h3 Kg7 35. Qf3 Rd7 36. Rfd2 Rcd8 37. Qg3 Nb7 38. Rf1 h4 39. Qf2 Nc5 40. Rfd1 Nb7 41. Nc3 Rf8 42. Qf3 Qg5 43. Nb5 Qd8 44. Qe2 Qe7 45. Rf1 Nc5 46. Rfd1 Rfd8 47. Qf3 g5 48. Rf1 g4 49. hxg4 Qg5 50. Bd1 Qg6 51. Nc3 Rh8 52. Kg1 Rh6 53. Rdf2 Rd8 54. Rd2 Kg8 55. Nd5 Bxd5 56. exd5 Ne4 57. Rb2 h3 58. gxh3 Ng5 59. Qg2 Nxh3+ 60. Kh1 Nf4+ 61. Qh2 Qe4+ 62. Rf3 Rxh2+ 63. Rxh2 Nd3 64. Kg1 Kf8 65. Kf1 Ke7 66. Rh5 Nc5 67. Rhf5 Rf8 68. g5 Qd3+ 69. Be2 Qb1+ 70. Kg2 Nd7 71. g6 fxg6 0-1

[Event "FIDE Grand Swiss (Women)"]
[Site "Douglas"]
[Date "2023.10.30"]
[Round "6"]
[White "Arakhamia Grant, Ketevan"]
[Black "Roebers, Eline"]
[Result "1/2-1/2"]
[WhiteElo "2297"]
[BlackElo "2390"]
[PlyCount "120"]
[EventDate "2023.10.25"]
[EventType "swiss"]
[EventRounds "11"]
[EventCountry "IOM"]
[SourceTitle "Mega2024 Update 01"]
[Source "Chessbase"]
[SourceDate "2023.11.12"]
[SourceVersion "1"]
[SourceVersionDate "2023.11.12"]
[SourceQuality "1"]

1. e4 c5 2. Nf3 d6 3. Bb5+ Nd7 4. 0-0 a6 5. Bd3 Ngf6 6. Re1 g6 7. a4 b6 8. Bf1 Bb7 9. Nc3 Bg7 10. d4 cxd4 11. Nxd4 Rc8 12. f3 0-0 13. Be3 Ne5 14. Qd2 Nc4 15. Bxc4 Rxc4 16. Rad1 Qc7 17. Nde2 Rc8 18. Bd4 Ba8 19. Kh1 Qb8 20. b3 R4c6 21. Bxf6 Bxf6 22. Nd5 Rxc2 23. Nxf6+ exf6 24. Qf4 d5 25. Qxb8 Rxb8 26. exd5 Rd8 27. Nf4 Kf8 28. h4 Rc3 29. b4 Rc4 30. Re4 Rxe4 31. fxe4 Rc8 32. Rd4 Ke7 33. Kh2 Kd6 34. Nd3 Rc2 35. Kg3 Bb7 36. Kf3 Bc8 37. a5 bxa5 38. bxa5 Bd7 39. Nb4 Rc3+ 40. Rd3 Rc5 41. Ra3 Bb5 42. Ke3 h5 43. g3 Rc1 44. Rb3 Kd7 45. Nd3 Rg1 46. Kf2 Ra1 47. Nc5+ Ke7 48. Rc3 Kd6 49. Nb7+ Kd7 50. Ke3 Rb1 51. Kd4 Be2 52. Nc5+ Ke7 53. Rb3 Rd1+ 54. Ke3 Bb5 55. Rc3 Re1+ 56. Kd4 Rd1+ 57. Ke3 g5 58. Nb7 Kd7 59. Nc5+ Ke7 60. Nb7 Kd7 1/2-1/2

[Event "FIDE Grand Swiss (Women)"]
[Site "Douglas"]
[Date "2023.10.28"]
[Round "4"]
[White "Narva, Mai"]
[Black "Arakhamia Grant, Ketevan"]
[Result "1-0"]
[WhiteElo "2399"]
[BlackElo "2297"]
[PlyCount "111"]
[EventDate "2023.10.25"]
[EventType "swiss"]
[EventRounds "11"]
[EventCountry "IOM"]
[SourceTitle "Mega2024 Update 01"]
[Source "Chessbase"]
[SourceDate "2023.11.12"]
[SourceVersion "1"]
[SourceVersionDate "2023.11.12"]
[SourceQuality "1"]

1. e4 c5 2. Nf3 g6 3. d4 cxd4 4. Nxd4 Nc6 5. c4 Nf6 6. Nc3 Nxd4 7. Qxd4 d6 8. Bg5 Bg7 9. Be2 0-0 10. Qd2 a5 11. 0-0 a4 12. Rab1 Bd7 13. c5 dxc5 14. e5 Ng4 15. Bxg4 Bxg4 16. Qxd8 Rfxd8 17. Bxe7 Rd2 18. Ne4 Re2 19. Nf6+ Bxf6 20. Bxf6 c4 21. a3 Bf5 22. Rfe1 Rxe1+ 23. Rxe1 Kf8 24. Rd1 Bd3 25. g4 Ke8 26. f4 Kd7 27. Kf2 Ke6 28. h4 Ra5 29. Ke3 Rb5 30. Rd2 Rb3 31. Kd4 b6 32. Rf2 Rb5 33. h5 Rd5+ 34. Kc3 b5 35. Rh2 Rd7 36. Kb4 Kd5 37. Rh3 Ke4 38. hxg6 hxg6 39. Rh7 Kd5 40. Rh8 Be2 41. f5 gxf5 42. gxf5 Bd3 43. Rh5 Rb7 44. Bg7 Rc7 45. e6 fxe6 46. f6+ Bf5 47. Kxb5 Rb7+ 48. Kxa4 Kc6 49. Rh4 Bd3 50. Rh8 e5 51. Rc8+ Kd5 52. Re8 e4 53. Re7 Rxb2 54. f7 Rf2 55. f8Q Rxf8 56. Bxf8 1-0

[Event "FIDE Grand Swiss (Women)"]
[Site "Douglas"]
[Date "2023.10.27"]
[Round "3"]
[White "Arakhamia Grant, Ketevan"]
[Black "Kanyamarala, Trisha"]
[Result "1-0"]
[WhiteElo "2297"]
[BlackElo "2184"]
[PlyCount "93"]
[EventDate "2023.10.25"]
[EventType "swiss"]
[EventRounds "11"]
[EventCountry "IOM"]
[SourceTitle "Mega2024 Update 01"]
[Source "Chessbase"]
[SourceDate "2023.11.12"]
[SourceVersion "1"]
[SourceVersionDate "2023.11.12"]
[SourceQuality "1"]

1. e4 c5 2. Nf3 d6 3. d4 cxd4 4. Nxd4 Nf6 5. Nc3 a6 6. Be3 e5 7. Nb3 Be6 8. f3 h5 9. Qd2 Nbd7 10. 0-0-0 Qc7 11. Kb1 b5 12. Nd5 Bxd5 13. exd5 Rc8 14. c4 Be7 15. cxb5 axb5 16. Rc1 Qb7 17. Rxc8+ Qxc8 18. Bxb5 0-0 19. Rc1 Qb8 20. Bc6 Bd8 21. Qd3 Bb6 22. Bxb6 Qxb6 23. Qb5 Qd8 24. a4 e4 25. a5 exf3 26. gxf3 Qe7 27. a6 Qe3 28. Rc3 Qg1+ 29. Ka2 Rb8 30. Qa5 Qa7 31. Bxd7 Qxd7 32. a7 Ra8 33. Rc7 Qf5 34. Rb7 Qc8 35. Qb5 Ne8 36. Na5 Qc2 37. Nc6 Kh7 38. Rxf7 Nf6 39. Rb7 Re8 40. Qb3 Qe2 41. Nb8 Qf1 42. Qc2+ Kh6 43. a8Q Re1 44. Qd2+ g5 45. Qxe1 Qxe1 46. Nc6 g4 47. f4 1-0

[Event "FIDE Grand Swiss (Women)"]
[Site "Douglas"]
[Date "2023.10.26"]
[Round "2"]
[White "Javakhishvili, Lela"]
[Black "Arakhamia Grant, Ketevan"]
[Result "1-0"]
[WhiteElo "2437"]
[BlackElo "2297"]
[PlyCount "98"]
[EventDate "2023.10.25"]
[EventType "swiss"]
[EventRounds "11"]
[EventCountry "IOM"]
[SourceTitle "Mega2024 Update 01"]
[Source "Chessbase"]
[SourceDate "2023.11.12"]
[SourceVersion "1"]
[SourceVersionDate "2023.11.12"]
[SourceQuality "1"]

1. d4 Nf6 2. c4 g6 3. g3 c5 4. dxc5 Qa5+ 5. Nc3 Bg7 6. Bd2 Qxc5 7. Rc1 0-0 8. Bg2 d6 9. b3 Nbd7 10. Nh3 a6 11. Nf4 Qc7 12. 0-0 Rb8 13. b4 b6 14. Nfd5 Qd8 15. Bf4 Nxd5 16. Nxd5 Ne5 17. Bg5 f6 18. Bd2 e6 19. Nf4 Qe7 20. Qb3 Bd7 21. Nd3 Nc6 22. Bc3 f5 23. Rfd1 g5 24. Bxg7 Kxg7 25. Qc3+ Kg8 26. b5 axb5 27. cxb5 Na5 28. Qb4 Rfc8 29. Ne5 Rxc1 30. Rxc1 Rc8 31. Rxc8+ Bxc8 32. Nc6 Nxc6 33. Bxc6 Kf7 34. a4 Qc7 35. Qc3 Qd8 36. Qb2 Bd7 37. Bxd7 Qxd7 38. Qh8 Kg6 39. Qb8 Qg7 40. Qxd6 Qa1+ 41. Kg2 Qa2 42. e4 fxe4 43. Qxb6 g4 44. h3 gxh3+ 45. Kxh3 Qxa4 46. Qxe6+ Kg5 47. b6 Qb5 48. Qe7+ Kh6 49. Qf6+ Kh5 1-0

[Event "Stafford Wood Green"]
[Site "Stafford"]
[Date "2023.07.18"]
[Round "9"]
[White "Arakhamia Grant, Ketevan"]
[Black "Sousa, Andre Ventura"]
[Result "0-1"]
[WhiteElo "2305"]
[BlackElo "2455"]
[PlyCount "80"]
[EventDate "2023.07.14"]
[EventType "tourn"]
[EventRounds "9"]
[EventCountry "ENG"]
[EventCategory "6"]
[SourceTitle "CBM 215 Extra"]
[Source "ChessBase"]
[SourceDate "2023.09.30"]
[SourceVersion "1"]
[SourceVersionDate "2023.09.30"]
[SourceQuality "1"]

1. e4 e5 2. Nf3 Nc6 3. Bc4 Nf6 4. d3 Bc5 5. c3 0-0 6. 0-0 d5 7. exd5 Nxd5 8. b4 Be7 9. b5 Na5 10. Nxe5 Bf6 11. Ng4 Nxc4 12. Nxf6+ Nxf6 13. dxc4 Be6 14. Na3 Qe7 15. Qf3 a6 16. Re1 Rfd8 17. Nc2 Qc5 18. Ba3 Qxc4 19. bxa6 Bd5 20. Qh3 Qa4 21. Rac1 Re8 22. c4 Be6 23. Qg3 Qxa6 24. Bb2 Bxc4 25. Ne3 Bd3 26. Nd5 Nh5 27. Qxc7 Qb5 28. Ne7+ Kh8 29. Bd4 Qg5 30. g3 Qg4 31. Bc5 Be4 32. Rc4 f5 33. Rcxe4 fxe4 34. Qxb7 Nf6 35. Bd4 Rab8 36. Qc7 Qe6 37. Bc5 Rbd8 38. Qa5 Rd7 39. Rb1 Rdxe7 40. Bxe7 Qxe7 0-1

[Event "Stafford Wood Green"]
[Site "Stafford"]
[Date "2023.07.17"]
[Round "6"]
[White "Arakhamia Grant, Ketevan"]
[Black "Gordon, Frederick"]
[Result "1-0"]
[WhiteElo "2305"]
[BlackElo "2325"]
[PlyCount "97"]
[EventDate "2023.07.14"]
[EventType "tourn"]
[EventRounds "9"]
[EventCountry "ENG"]
[EventCategory "6"]
[SourceTitle "CBM 215 Extra"]
[Source "ChessBase"]
[SourceDate "2023.09.30"]
[SourceVersion "1"]
[SourceVersionDate "2023.09.30"]
[SourceQuality "1"]

1. e4 c5 2. Nf3 Nc6 3. d4 cxd4 4. Nxd4 Nf6 5. Nc3 e5 6. Ndb5 d6 7. Bg5 a6 8. Na3 b5 9. Nd5 Be7 10. Bxf6 Bxf6 11. c4 b4 12. Nc2 0-0 13. h4 a5 14. Bd3 Rb8 15. b3 g6 16. h5 Bg5 17. Qf3 Kg7 18. Qg3 h6 19. Rd1 Be6 20. Be2 Ne7 21. hxg6 fxg6 22. Nce3 Nc6 23. Bg4 Bf7 24. Qh3 Nd4 25. g3 h5 26. f4 Rh8 27. Be2 Be6 28. Qh2 Bf6 29. f5 Bf7 30. fxg6 Bxg6 31. 0-0 Bg5 32. Nf5+ Bxf5 33. exf5 h4 34. f6+ Kf7 35. Rxd4 exd4 36. Rf5 Be3+ 37. Kf1 Qg8 38. g4 Qd8 39. Bf3 Ke6 40. f7 Qf8 41. Qh3 Kd7 42. g5 Kd8 43. g6 Rc8 44. Rf6 Bg5 45. g7 Bxf6 46. gxf8Q+ Rxf8 47. Nxf6 Rxf7 48. Qe6 Rcc7 49. Qe8# 1-0

[Event "Stafford Wood Green"]
[Site "Stafford"]
[Date "2023.07.17"]
[Round "7"]
[White "Wadsworth, Matthew J"]
[Black "Arakhamia Grant, Ketevan"]
[Result "1-0"]
[WhiteElo "2431"]
[BlackElo "2305"]
[PlyCount "83"]
[EventDate "2023.07.14"]
[EventType "tourn"]
[EventRounds "9"]
[EventCountry "ENG"]
[EventCategory "6"]
[SourceTitle "CBM 215 Extra"]
[Source "ChessBase"]
[SourceDate "2023.09.30"]
[SourceVersion "1"]
[SourceVersionDate "2023.09.30"]
[SourceQuality "1"]

1. d4 Nf6 2. c4 g6 3. Nf3 Bg7 4. g3 0-0 5. Bg2 d6 6. Nc3 Nc6 7. d5 Na5 8. b3 c5 9. Bb2 a6 10. 0-0 Rb8 11. Nd2 b5 12. Qc1 bxc4 13. bxc4 e6 14. Rb1 e5 15. Nd1 Bf5 16. e4 Bd7 17. Bc3 Rxb1 18. Qxb1 Bh6 19. Ne3 Nh5 20. Qb2 f5 21. Qa3 Nb7 22. exf5 gxf5 23. Rb1 Bc8 24. Nd1 a5 25. Qb2 Qe7 26. Nf3 e4 27. Qe2 Re8 28. Nd2 Nf6 29. Bh3 Ng4 30. Nf1 Bg7 31. Bxg4 fxg4 32. Nfe3 h5 33. Ng2 Nd8 34. Nf4 Bxc3 35. Nxc3 Nf7 36. h4 gxh3 37. Qxh5 Ne5 38. Nxe4 Nf3+ 39. Qxf3 Qxe4 40. Qxe4 Rxe4 41. Rb8 Re8 42. Nxh3 1-0

[Event "Stafford Wood Green"]
[Site "Stafford"]
[Date "2023.07.15"]
[Round "3"]
[White "Turner, Matthew"]
[Black "Arakhamia Grant, Ketevan"]
[Result "1-0"]
[WhiteElo "2439"]
[BlackElo "2305"]
[PlyCount "141"]
[EventDate "2023.07.14"]
[EventType "tourn"]
[EventRounds "9"]
[EventCountry "ENG"]
[EventCategory "6"]
[SourceTitle "CBM 215 Extra"]
[Source "ChessBase"]
[SourceDate "2023.09.30"]
[SourceVersion "1"]
[SourceVersionDate "2023.09.30"]
[SourceQuality "1"]

1. Nf3 Nf6 2. d4 g6 3. Bg5 Bg7 4. Nbd2 d5 5. e3 0-0 6. Bd3 Nbd7 7. h4 c5 8. c3 h5 9. 0-0 Re8 10. Re1 Qb6 11. Qc2 Nf8 12. c4 Bg4 13. cxd5 Nxd5 14. dxc5 Qxb2 15. Qxb2 Bxb2 16. Rab1 Ba3 17. Bc4 Rad8 18. Rxb7 Bxc5 19. Ne4 Bb6 20. Bxd5 Rxd5 21. Bxe7 Nh7 22. Nfg5 Rd7 23. Rxd7 Bxd7 24. Nf6+ Nxf6 25. Bxf6 Rc8 26. Bd4 Rc2 27. Bxb6 axb6 28. Rd1 Ba4 29. Rd6 Rxa2 30. Rxb6 Ra3 31. Ra6 Ra2 32. Ra7 Bb3 33. Rb7 Bd5 34. Rd7 Bc4 35. Rc7 Bb3 36. Rc3 Ba4 37. Rc7 Bb3 38. f3 Kf8 39. Kh2 Ke8 40. Kg3 Rc2 41. Rxc2 Bxc2 42. Kf4 Ke7 43. e4 f6 44. Nh3 Bd3 45. Ke3 Bf1 46. Nf4 Kf7 47. g3 Bb5 48. Kd4 Ba4 49. Nd3 Bd1 50. f4 Ba4 51. Nc5 Bc6 52. Nd3 Ke6 53. Nc5+ Ke7 54. e5 Bf3 55. Ne4 fxe5+ 56. fxe5 Bg4 57. Nc5 Bf3 58. Ke3 Bg4 59. Kf4 Bf5 60. Nb3 Bd3 61. Kg5 Bc2 62. Nd4 Bd3 63. Nf3 Ke6 64. Kf4 Kd5 65. Ng5 Bf5 66. Nf7 Ke6 67. Nh8 Kd5 68. Kg5 Kxe5 69. Nxg6+ Ke4 70. Kxh5 Kf3 71. Kg5 1-0

[Event "Colonia de Sant Jordi op 2nd"]
[Site "Colonia de Sant Jordi"]
[Date "2023.06.12"]
[Round "3"]
[White "Arakhamia Grant, Ketevan"]
[Black "Garcia Bueno, Juan Pablo"]
[Result "1-0"]
[WhiteElo "2319"]
[BlackElo "1790"]
[PlyCount "77"]
[EventDate "2023.06.10"]
[EventType "swiss"]
[EventRounds "9"]
[EventCountry "ESP"]
[SourceTitle "CBM 214 Extra"]
[Source "ChessBase"]
[SourceDate "2023.07.31"]
[SourceVersion "1"]
[SourceVersionDate "2023.07.31"]
[SourceQuality "1"]

1. e4 c6 2. d4 d5 3. e5 c5 4. dxc5 e6 5. a3 Bxc5 6. b4 Be7 7. Qg4 g6 8. Nf3 h5 9. Qf4 Nh6 10. Bd3 a5 11. b5 Nd7 12. 0-0 Nc5 13. a4 Nf5 14. Nc3 Qc7 15. Ne2 b6 16. h4 Bb7 17. Ned4 0-0-0 18. Qh2 Rdf8 19. Bg5 f6 20. Bf4 g5 21. exf6 gxf4 22. fxe7 Nxe7 23. Rfe1 Rf6 24. Qh3 Kb8 25. Re5 Bc8 26. Rae1 Rhh6 27. Ng5 Qd6 28. Qf3 Ne4 29. R5xe4 dxe4 30. Qxe4 Kc7 31. Bc4 e5 32. Ndf3 Bf5 33. Qe2 Ng6 34. Nf7 Rxf7 35. Bxf7 e4 36. Ng5 Nxh4 37. Nxe4 Qe7 38. Bd5 Nf3+ 39. Qxf3 1-0

[Event "Edinburgh She Plays To Win 2nd"]
[Site "Edinburgh"]
[Date "2023.02.18"]
[Round "8"]
[White "Arakhamia Grant, Ketevan"]
[Black "Cooke, Suzie G"]
[Result "1-0"]
[WhiteElo "2320"]
[BlackElo "1941"]
[PlyCount "95"]
[EventDate "2023.02.15"]
[EventType "tourn"]
[EventRounds "9"]
[EventCountry "SCO"]
[SourceTitle "CBM 212 Extra"]
[Source "ChessBase"]
[SourceDate "2023.03.31"]
[SourceVersion "1"]
[SourceVersionDate "2023.03.31"]
[SourceQuality "1"]

1. e4 e6 2. d4 d5 3. Nc3 Nf6 4. e5 Nfd7 5. f4 c5 6. Nf3 Nc6 7. Be3 a6 8. Qd2 b5 9. a3 Qb6 10. dxc5 Bxc5 11. Bf2 Bb7 12. Bd3 Bxf2+ 13. Qxf2 Qxf2+ 14. Kxf2 Nc5 15. b4 Nxd3+ 16. cxd3 Rc8 17. Rhc1 h5 18. Ne2 0-0 19. Ned4 Ne7 20. Ke3 g6 21. g3 Kg7 22. Nd2 Nf5+ 23. Nxf5+ gxf5 24. Kd4 Kg6 25. Nb3 Rxc1 26. Rxc1 h4 27. Rc7 hxg3 28. hxg3 Bc8 29. Ke3 f6 30. Nd4 fxe5 31. fxe5 Kg5 32. Rg7+ Kh6 33. Re7 Rg8 34. Kf3 Rg7 35. Re8 Bd7 36. Ra8 Rg4 37. Ne2 d4 38. Rxa6 Kg6 39. Rd6 Bc8 40. Rxd4 Rxd4 41. Nxd4 Bd7 42. Kf4 Kf7 43. Ne2 Bc6 44. Nc3 Bd7 45. d4 Ke7 46. d5 exd5 47. Nxd5+ Ke6 48. Ne3 1-0

[Event "Edinburgh She Plays To Win 2nd"]
[Site "Edinburgh"]
[Date "2023.02.18"]
[Round "7"]
[White "Motycakova, Monika"]
[Black "Arakhamia Grant, Ketevan"]
[Result "0-1"]
[WhiteElo "2101"]
[BlackElo "2320"]
[PlyCount "48"]
[EventDate "2023.02.15"]
[EventType "tourn"]
[EventRounds "9"]
[EventCountry "SCO"]
[SourceTitle "CBM 212 Extra"]
[Source "ChessBase"]
[SourceDate "2023.03.31"]
[SourceVersion "1"]
[SourceVersionDate "2023.03.31"]
[SourceQuality "1"]

1. e4 c5 2. c3 e5 3. d4 cxd4 4. cxd4 exd4 5. Nf3 Nc6 6. Nxd4 Nf6 7. Nc3 Bb4 8. Nxc6 bxc6 9. Bd3 0-0 10. 0-0 Re8 11. Bg5 h6 12. Bh4 a5 13. f4 Qb6+ 14. Bf2 Bc5 15. e5 Bxf2+ 16. Rxf2 Nd5 17. Ne4 Ne3 18. Qh5 d5 19. Nf6+ gxf6 20. Bh7+ Kh8 21. Qxf7 Be6 22. Qxf6+ Kxh7 23. f5 Nxf5 24. Raf1 Ne3 0-1

[Event "Wch Seniors 50 30th"]
[Site "Assisi"]
[Date "2022.11.23"]
[Round "8"]
[White "Kantorik, Marian"]
[Black "Arakhamia Grant, Ketevan"]
[Result "0-1"]
[WhiteElo "2171"]
[BlackElo "2327"]
[PlyCount "62"]
[EventDate "2022.11.15"]
[EventType "swiss"]
[EventRounds "11"]
[EventCountry "ITA"]
[SourceTitle "CBM 211 Extra"]
[Source "ChessBase"]
[SourceDate "2023.01.31"]
[SourceVersion "1"]
[SourceVersionDate "2023.01.31"]
[SourceQuality "1"]

1. d4 d6 2. e4 Nf6 3. Nc3 Nbd7 4. f4 e5 5. Nf3 exd4 6. Qxd4 c6 7. a4 d5 8. e5 Bc5 9. Qd3 Ng4 10. Nd1 Qe7 11. Ne3 Nxe3 12. Bxe3 Bxe3 13. Qxe3 Qb4+ 14. Kf2 Nc5 15. Qd4 Ne4+ 16. Ke3 Qe7 17. Bd3 Bf5 18. Rad1 0-0 19. Bxe4 Bxe4 20. c3 f6 21. Rhe1 c5 22. Qd2 fxe5 23. Kf2 Rxf4 24. Kg1 Raf8 25. Re2 Qf7 26. Qe1 Bxf3 27. gxf3 Rxf3 28. Rxe5 Qg6+ 29. Kh1 Rf2 30. Qg1 Qf6 31. Re3 d4 0-1

[Event "Wch Seniors 50 30th"]
[Site "Assisi"]
[Date "2022.11.22"]
[Round "7"]
[White "Arakhamia Grant, Ketevan"]
[Black "Bellia, Fabrizio"]
[Result "0-1"]
[WhiteElo "2327"]
[BlackElo "2398"]
[PlyCount "90"]
[EventDate "2022.11.15"]
[EventType "swiss"]
[EventRounds "11"]
[EventCountry "ITA"]
[SourceTitle "CBM 211 Extra"]
[Source "ChessBase"]
[SourceDate "2023.01.31"]
[SourceVersion "1"]
[SourceVersionDate "2023.01.31"]
[SourceQuality "1"]

1. e4 e5 2. Nf3 Nc6 3. Bb5 a6 4. Ba4 d6 5. 0-0 Bd7 6. c3 g6 7. d4 Bg7 8. h3 Nf6 9. Re1 0-0 10. Nbd2 Re8 11. Bc2 b5 12. Nf1 Na5 13. Ng3 c5 14. d5 Nc4 15. b3 Nb6 16. Bg5 h6 17. Be3 c4 18. b4 a5 19. a3 Qc7 20. Qd2 Kh7 21. Nh2 Ra6 22. Rf1 Rea8 23. Rac1 axb4 24. axb4 Ra2 25. f4 Be8 26. fxe5 dxe5 27. Rf2 Ra1 28. Bb1 R8a3 29. Nf3 Na4 30. d6 Qd8 31. Nxe5 Nxc3 32. Bc2 Rxc1+ 33. Qxc1 Ra6 34. Nf3 Nfxe4 35. Nxe4 Nxe4 36. Bxe4 Ra1 37. Qxa1 Bxa1 38. Bc5 Qd7 39. Re2 Bf6 40. g4 Qc8 41. Kf2 Bc6 42. Kg3 Bxe4 43. Rxe4 c3 44. Re2 Qc6 45. h4 g5 0-1